So, You Wish to Learn All About Economics? <A> Text on Elementary Mathematical Economics

Enregistré dans:
Détails bibliographiques
Auteur principal: LaRouche, Lyndon H.
Format: Livre
Langue:anglais
Publié: New York New Benjamin Franklin House 1984
Édition:1. ed.
Sujets:
Tags: Ajouter un tag
Pas de tags, Soyez le premier à ajouter un tag!

MARC

LEADER 00000nam a2200000 4500
001 c005461
005 20221207074147.5
020 |a 0-933488-35-1 
041 0 |a eng 
044 |a US 
245 1 0 |a So, You Wish to Learn All About Economics?  |b <A> Text on Elementary Mathematical Economics  |c Lyndon H. LaRouche 
250 |a 1. ed. 
264 1 |a New York  |b New Benjamin Franklin House  |c 1984 
300 |a 192 s. 
610 2 0 |a matematika hospodárska 
610 2 0 |a výskum operačný 
610 2 0 |a analýza systémová 
610 2 0 |a politika hospodárska 
610 2 0 |a ekonometria 
100 1 |a LaRouche, Lyndon H.